Michael Faraday (Record no. 1000)

MARC details
000 -LEADER
fixed length control field 00360nam a22001457a 4500
003 - CONTROL NUMBER IDENTIFIER
control field OSt
005 - DATE AND TIME OF LATEST TRANSACTION
control field 20160727222419.0
008 - FIXED-LENGTH DATA ELEMENTS--GENERAL INFORMATION
fixed length control field 160627b xxu||||| |||| 00| 0 eng d
040 ## - CATALOGING SOURCE
Transcribing agency TEST
100 ## - MAIN ENTRY--PERSONAL NAME
9 (RLIN) 1226
Personal name Fullick, A
245 ## - TITLE STATEMENT
Title Michael Faraday
260 ## - PUBLICATION, DISTRIBUTION, ETC. (IMPRINT)
Place of publication, distribution, etc. UNITED KINGDOM
Name of publisher, distributor, etc. READ EDU.& PROFESSIONAL PUB.
Date of publication, distribution, etc. 2001
300 ## - PHYSICAL DESCRIPTION
Extent Michael Faraday
942 ## - ADDED ENTRY ELEMENTS (KOHA)
Source of classification or shelving scheme Dewey Decimal Classification
Koha item type BOOK
Holdings
Withdrawn status Lost status Source of classification or shelving scheme Damaged status Not for loan Home library Current library Shelving location Date acquired Total Checkouts Full call number Barcode Date last seen Date last checked out Price effective from Koha item type
    Dewey Decimal Classification     Good Samaritan School Library Good Samaritan School Library   06/27/2016 2 920 FUL1653 11/07/2019 10/24/2019 06/27/2016 BOOK

Powered by Koha